000 00766nam a2200205 a 4500
008 120416s1985 ||||||||||||||||| || u
020 _a0631140344
020 _a0631156275
050 _aHB 3730 Bar
100 _aTargett, David
245 1 0 _aThe manager's guide to business forecasting: how to understand and use forecasts for better business results
260 _aOxford:
_bBasil Blackwell
_c1985
300 _aviii, 200p. : ill.
350 _a0.00
500 _aIncludes index. -Bibliography: p. [192]-196.
650 0 _aBUSINESS
650 0 _aBUSINESS FORECASTING
700 _aBarron, Michael
995 _D0.00
_FCBU-MAIN LIBRARY (Kitwe)
_H1
_I12.95
_M1
_UAVAILABLE
_ZAnnex Low-Usage Collection
999 _c50103
_d50103